| 000 | 02875cam a2200349 i 4500 | ||
|---|---|---|---|
| 999 |
_c3460 _d3460 |
||
| 001 | 17966060 | ||
| 003 | GZU | ||
| 005 | 20201130145946.0 | ||
| 008 | 131206t20152015caua 000 0 eng | ||
| 010 | _a 2013046946 | ||
| 020 | _a9781452275888 (pbk.) | ||
| 040 |
_aDLC _beng _cDLC _erda _dDLC |
||
| 042 | _apcc | ||
| 043 | _an-us--- | ||
| 050 | 0 | 0 |
_aHQ1064.U5 _bMOO 2015 |
| 100 | 1 | _aMoody, Harry R. | |
| 245 | 1 | 0 |
_aAging : _bconcepts and controversies / _cHarry R. Moody, Director of Academic Affairs, AARP, Retired, Jennifer R. Sasser, Marylhurst University. |
| 250 | _a8th Edition. | ||
| 264 | 1 |
_aLos Angeles : _bSAGE, _c[2015] |
|
| 264 | 4 | _c©2015 | |
| 300 |
_axxxiii, 565 pages : _bcolor illustrations; _c23 cm |
||
| 336 |
_atext _2rdacontent |
||
| 337 |
_aunmediated _2rdamedia |
||
| 338 |
_avolume _2rdacarrier |
||
| 505 | 0 | _aPreface -- Prologue -- About the authors -- Basic concepts i. a life course perspective on aging -- Urban legends of aging : "respect for elders was higher in the past" -- Suggested readings -- Urban legends of aging: "religion is good for your health" -- Focus on the future: conscious aging -- Questions for writing, reflection, and debate -- Global perspective : blue zones for longer life -- Focus on the future : "I dated a cyborg!" -- Focus on the future : late-life learning in the information society -- Basic concepts II. Aging, health care, and society -- Urban legends of aging: health care costs are high because we spend most -- Of the money on old people in the last year of life -- Focus on the future : scenarios for rationing : fiction or forecast -- Urban legends of aging : only 4% of older people live in nursing homes -- Focus on practice : long-term-care insurance -- Focus on the future : genetic screening for alzheimer's disease -- Urban legends of aging : older people are more likely to be victims of crime -- Focus on practice : inheritance in an aging society -- Urban legends of aging : advance directives would have prevented the -- Tragic case of terri schiavo -- Urban legends of aging : the gray lobby has a stranglehold on aging -- Policy in the united states -- Focus on practice: intergenerational programs -- Urban legends of aging : social security is going broke : within a few -- Decades,there won't be any money to pay promised benefits -- Focus on practice : investment decisions for retirement income -- Epilogue: finding your place in an aging society -- Appendix. how to research a term paper in gerontology -- Glossary -- Bibliography 491 -- Photo credits 519 -- Index. | |
| 650 | 0 |
_aGerontology _zUnited States. |
|
| 650 | 0 |
_aAging _zUnited States. |
|
| 700 | 1 | _aSasser, Jennifer R. | |
| 906 |
_a7 _bcbc _corignew _d1 _eecip _f20 _gy-gencatlg |
||
| 942 |
_2lcc _cBK _e8th _h1064.U5 _iMOO _kHQ |
||